00623 2200205 4500001002100000005001500021035002000036245012800056100002400184250000600208300003900214700002800253260003500281082000800316084001400324020002200338650002300360990001700383990001700400INLIS00000000000083320190308012045 a0010-03190000461 aRahasia Sains Ensiklopedia Sains Untuk Anak :bSeri Makhluk Hidup /cAndarini Trisnasari; Penelaah, Bambang Gonggo Murcitro0 aAndarini Trisnasari a- aviii, 72 hlm. :bilus. ;c29,7 cm.0 aBambang Gonggo Murcitro aJakarta :bRizky Grafis,c2008 a503 a503 AND r a978-602-8179-06-5 aEnsiklopedia Sains a02981/H/2018 a02982/H/2018